000 00634 a2200241 4500
003 Nust
005 20170207171638.0
010 _a 2011038674
020 _a0132834871
020 _a9780132834872
035 _a(OCoLC)ocn755904469
040 _cNust
082 0 0 _a658.3
100 1 _aRobbins, Stephen P.,
245 1 0 _aOrganizational behavior (E-Book)
_cStephen P. Robbins, Timothy A. Judge.
250 _a15th ed.
260 _aBoston :
_bPearson,
_cc2013.
300 _axxxiv, 676 p. :
_bcol. ill. ;
_c29 cm.
500 _aIncludes indexes.
650 0 _aOrganizational behavior.
651 _aE-Book
700 1 _aJudge, Tim.
942 _2ddc
_cBK
999 _c218030
_d218030